000 00861cam a2200229 4500
001 ABS61794
008 000000n2000 000 0 eng u
035 _a(Sirsi) u103796
100 _aMasters, J.
245 4 _aThe risk managers
260 _c2000
490 _aConstruction News
_v(6648) 13 January 2000, 17(1)
520 _aReports on new research which indicates that nearly 500,000 construction workers could be at risk of contracting Hand-Arm Vibration Syndrome (HAVS). The research will form part of the UK's input to a new European Commission directive on hand-arm and body vibration. Case study.
590 _aABS
650 _aHEALTH AND SAFETY
_96244
650 _aCONSTRUCTION WORKERS
650 _aOCCUPATIONAL HEALTH
650 _aHAND-ARM VIBRATION SYNDROME
650 _aHAVS
690 _aHealth and safety
_96244
942 _n0
999 _c62328
_d62328